|
|
|
|
| LEADER |
01558nam a2200277 a 4500 |
| 003 |
GR-PaULI |
| 005 |
20190718091321.0 |
| 008 |
890310s1989 wiuaf b 001 0 eng d |
| 952 |
|
|
|0 0
|1 0
|2 ddc
|3 τ. 1
|4 0
|6 733_300000000000000_RID
|7 0
|9 233988
|a LISA
|b LISA
|c BSC
|d 2019-07-16
|i 1214
|l 0
|o 733.3 RID
|p 025000263402
|r 2019-07-16 00:00:00
|t 1
|w 2019-07-16
|y BK15
|
| 952 |
|
|
|0 0
|1 0
|2 ddc
|3 τ. 2
|4 0
|6 733_300000000000000_RID
|7 0
|9 233989
|a LISA
|b LISA
|c BSC
|d 2019-07-16
|i 1213
|l 0
|o 733.3 RID
|p 025000263403
|r 2019-07-16 00:00:00
|t 1
|w 2019-07-16
|y BK15
|
| 952 |
|
|
|0 0
|1 0
|2 ddc
|3 τ. 3
|4 0
|6 733_300000000000000_RID
|7 0
|9 233990
|a LISA
|b LISA
|c BSC
|d 2019-07-16
|i 1232
|l 0
|o 733.3 RID
|p 025000263404
|r 2019-07-16 00:00:00
|t 1
|w 2019-07-16
|y BK15
|
| 999 |
|
|
|c 141924
|d 141924
|
| 020 |
|
|
|a 029911824X (v. 1)
|
| 020 |
|
|
|a 0299167100 (v. 2)
|
| 020 |
|
|
|a 0299177106 (v. 3)
|
| 040 |
|
|
|a GR-PaULI
|c GR-PaULI
|b gre
|d GR-AiPI
|e AACR2
|
| 082 |
0 |
4 |
|a 733.3
|2 23
|
| 100 |
1 |
|
|a Ridgway, Brunilde Sismondo,
|d 1929-
|9 177136
|e συγγραφέας.
|
| 245 |
1 |
0 |
|a Hellenistic sculpture /
|c Brunilde Sismondo Ridgway.
|
| 260 |
|
|
|a Madison, Wis. :
|b University of Wisconsin Press,
|c 1989.
|
| 300 |
|
|
|a 3 τ. :
|b εικ. ;
|c 27 εκ.
|
| 504 |
|
|
|a Περιλαμβάνει βιβλιογραφικές αναφορές και ευρετήριο.
|
| 505 |
1 |
|
|a τ. 1. The styles of ca. 331-200 B.C.- 405 σ. -- τ. 2. The styles of ca. 200-100 B.C.- 374 σ. --τ. 3. The styles of ca. 100-31 B.C.- 312 σ.--
|
| 650 |
|
4 |
|a Γλυπτική, Ελληνιστική.
|9 177128
|
| 942 |
|
|
|2 ddc
|c BK15
|
| 998 |
|
|
|c ΜΙΧΟΣΤΑΥΡΟΥ
|d 2019-07
|